• 首页
  • 本馆介绍
  • 公告通知
  • 最新文献
  • 馆藏检索
  • 电子资源
  • 读者导购
  • 参考咨询
  • 我的图书馆
  • 登录
  • 详细信息显示
  • 放入我的书架
  • 预约/预借图书
  • 作者相关作品
  • 分类相关作品
  • 丛书相关作品
  • 出版社相关作品

书目信息

  • 表格格式
  • 工作单格式
  • 卡片格式
书名: Communication in our lives
作者: Julia T. Wood.
分册号:
分册名:
出版地: Belmont, CA :
 
出版社: Wadsworth/Thomson Learning
出版时间: c2000.
页数: xxvi, 451 p. :
开本: 26 cm.
丛书名: Wadsworth series in speech communication
中图分类号:
科图分类号:
其他分类号: C912.1
主题词:
电子资源:
000 00788nam 22000241i 450
001 0200043199
005 20070321082205.05
008 990521m2000 u y a b 001 0
020    @a0534560717 (annotated instructor's ed.).
020    @a0534560709.
041    @aeng
050    @aP90@b.W618 2000
082 04 @a302.2@221
090    @aC912.1
099    @dC912.1@ex49=3
100 1  @aWood@cJulia T.,
245 10 @aCommunication in our lives / @cJulia T. Wood.
250    @a2nd ed., annotated instructor's ed.
260 1  @aBelmont, CA :@bWadsworth/Thomson Learning,@cc2000.
300    @axxvi, 451 p. :@bill. (some col.) ;@c26 cm.
440  0 @aWadsworth series in speech communication
504    @aIncludes bibliographical references (p. 429-442) and index.
650  4 @aCommunication
    
    Communication in our lives / / Julia T. Wood.-2nd ed., annotated instructor's ed.-Belmont, CA : : Wadsworth/Thomson Learning, , c2000.
    xxvi, 451 p. : : ill. (some col.) ; ; 26 cm.- (Wadsworth series in speech communication )
    Includes bibliographical references (p. 429-442) and index.
    
    ISBN 0534560717 (annotated instructor's ed.).
    
●
相关链接 在E读中查询图书 在五车中查询图书 在当当中查询图书 在豆瓣中查询图书


正题名:Communication in our lives     索取号:C912.1/x49=3         预约/预借

序号 登录号 条形码 馆藏地/架位号 状态 备注
1 0003167   300031677   第二样本阅览室/ [索取号:C912.1/x49=3] 在馆    
2 0003168   300031686   第四借阅区/ [索取号:C912.1/x49=3] 在馆    
唐山师范学院图书馆 欢迎您!
大连网信软件有限公司© 版权所有